El comercio en la memoria y en el futuro de Chile:150 años de la Cámara Nacional de Comercio, Servicios y Turismo

Uloženo v:
Podrobná bibliografie
Hlavní autoři: Vásquez Vargas, David (Autor), Jáuregui, Catalán, René (Autor)
Médium: Kniha
Jazyk:španělština
Vydáno: Valparaíso Biblioteca del Congreso Nacional de Chile 2008
Vydání:1a. ed
Témata:
Tagy: Přidat tag
Žádné tagy, Buďte první, kdo vytvoří štítek k tomuto záznamu!

MARC

LEADER 00000cam a2200000 a 4500
001 UCE4121
003 CL-VaPUC
008 141009e20080700cl |||||||||||||||||spa|d
020 |a 9789567629053 
082 0 4 |a 380.1  |b VAS  |2 21 
100 0 |a Vásquez Vargas, David  |e author  |9 576690 
700 0 |a Jáuregui, Catalán, René  |e author  |9 576691 
245 1 3 |a El comercio en la memoria y en el futuro de Chile:150 años de la Cámara Nacional de Comercio, Servicios y Turismo 
250 |a 1a. ed 
300 |a 149 p 
942 |c BK 
945 |d 20141009 14:36:00  |a arojas 
260 |a Valparaíso  |b Biblioteca del Congreso Nacional de Chile  |c 2008 
600 0 7 |a CAMARA DE COMERCIO  |2 CL-VaPUC  |9 529837 
650 0 |a Comercio  |9 255341 
650 7 |a DESARROLLO HISTORICO  |2 CL-VaPUC  |9 389617 
650 0 |a Acuerdos comerciales  |9 337377 
650 0 |a Tratados de libre comercio (TLC)  |9 466055 
583 |a last modification  |c 20141009 14:36:00  |k Rodrigo Vera 
999 |c 357184  |d 357182 
952 |0 0  |1 0  |3 erd  |4 0  |6 380_100000000000000_VAS_2008  |7 0  |8 A  |9 465008  |a BIBHIS  |b BIBHIS  |i 5095328  |o 380.1 VAS 2008  |p 5095328  |r 2025-01-20  |w 2019-11-23  |y BK  |z Catalogado en:20141009  |k HIS